ՀՀ Գիտությունների ազգային ակադեմիայի հիմնարար գիտական գրադարան  =   Fundamental Scientific Library of NAS RA

История классического периода греческой литературы : (Record no. 541637)

MARC details
000 -LEADER
fixed length control field 01794nam a2200313 a 4500
001 - CONTROL NUMBER
control field 948215
003 - CONTROL NUMBER IDENTIFIER
control field AM-YEHGA
005 - DATE AND TIME OF LATEST TRANSACTION
control field 20260415143547.0
008 - FIXED-LENGTH DATA ELEMENTS--GENERAL INFORMATION
fixed length control field 150320m18821883ru |||||r|||||||0|0|rus|d
040 ## - CATALOGING SOURCE
Original cataloging agency AM-YeHGA
041 1# - LANGUAGE CODE
Language code of text/sound track or separate title rus
Language code of original eng
100 1# - MAIN ENTRY--PERSONAL NAME
Personal name Магаффи, Джон Пентланд,
Dates associated with a name 1839-1919
245 10 - TITLE STATEMENT
Title История классического периода греческой литературы :
Remainder of title [Т. 1-2] /
Statement of responsibility, etc. Дж. П. Магаффи, проф. Дублин. ун-та; Пер. Александры Веселовской.
260 ## - PUBLICATION, DISTRIBUTION, ETC.
Place of publication, distribution, etc. Москва :
Name of publisher, distributor, etc. Изд. К.Т. Солдатенкова,
Date of publication, distribution, etc. 1882-1883.
Manufacturer Тип. М.П. Щепкина.
300 ## - PHYSICAL DESCRIPTION
Extent том ;
Dimensions 22 см.
500 ## - GENERAL NOTE
General note Указ. личн. имен в обоих томах в конце т. 2.
504 ## - BIBLIOGRAPHY, ETC. NOTE
Bibliography, etc. note Библиогр. в подстроч. примеч.
505 10 - FORMATTED CONTENTS NOTE
Miscellaneous information Т. 1 (1882, VIII, 460, 32 с.) :
Title Поэзия : (С прилож. ст. проф. Сэйса о поэмах Гомера)
600 14 - SUBJECT ADDED ENTRY--PERSONAL NAME
Personal name Гомер
Dates associated with a name IX век до н. э- VIII век до н. э
650 14 - SUBJECT ADDED ENTRY--TOPICAL TERM
Topical term or geographic name entry element Художественная литература
9 (RLIN) 4918
650 14 - SUBJECT ADDED ENTRY--TOPICAL TERM
Topical term or geographic name entry element Мировая литература
General subdivision Литература древнего мира
650 14 - SUBJECT ADDED ENTRY--TOPICAL TERM
Topical term or geographic name entry element Античная литература
Geographic subdivision Греция
650 14 - SUBJECT ADDED ENTRY--TOPICAL TERM
Topical term or geographic name entry element Греческая литература
General subdivision История литературы
Active dates 5 - 4 в. до н.э.
650 14 - SUBJECT ADDED ENTRY--TOPICAL TERM
Topical term or geographic name entry element Идейно-художественные особенности античной литературы
653 0# - INDEX TERM--UNCONTROLLED
Uncontrolled term Поэзия древнегреческая
653 0# - INDEX TERM--UNCONTROLLED
Uncontrolled term Проза древнегреческая
700 1# - ADDED ENTRY--PERSONAL NAME
Personal name Веселовская, Александра Адольфовна,
Dates associated with a name 1840-1910
Relator term пер
Relationship trl
942 ## - ADDED ENTRY ELEMENTS (KOHA)
Source of classification or shelving scheme Universal Decimal Classification
Koha item type Գրքեր / Books
Holdings
Withdrawn status Lost status Damaged status Not for loan Collection Home library Current library Date acquired Serial enumeration / chronology Total checkouts Full call number Barcode Date last seen Price effective from Koha item type Public note
        Kusikian Individual Collection Fundamental Scientific Library Fundamental Scientific Library 18/02/2026 Т. 1   Кус/6459 FL0702464 18/02/2026 18/02/2026 Գրքեր / Books ILL Non-Circ.


ՀՀ ԳԱԱ հիմնարար գիտական գրադարան
ՀՀ,Երևան 0019
Մարշալ Բաղրամյան 24/6
հեռախոս:(374-10) 52-47-50
Հետադարձ կապ

All site content, except where otherwise noted, is licensed under a
Creative Commons License